Constellations - Mort subite - Statistiques

Statistiques générales
  • Ce quiz a été pris 161 fois
    133 depuis la dernière actualisation
  • Le résultat moyen est 10 sur 20
Answers on the Grid
Answers color-coded by a green-red scale on the quiz's grid according to % correct below.
Le Capricorne
Le Caméléon
Le Centaure
L'Horloge
Andromède
Le Phénix
Orion
Pégase
Le Peintre
La Grande Ourse
Persée
Le Poisson Volant
Le Poisson Fantôme
Le Serpent
Le Triangle
Le Télescope
Le Petit Renard
Le Chat
La Petite Ourse
Le Tigre
La Machine Pneumatique
Le Lynx
La Sirène
Ulysse
L'Arc
La Chaise
L'Hirondelle
Le Loup
Le Carré
Les Lunettes
 
Statistiques - réponses
Réponse % Correct
La Grande Ourse
83%
La Petite Ourse
80%
Orion
80%
Le Capricorne
77%
Andromède
70%
Pégase
67%
Le Centaure
63%
Persée
58%
Le Triangle
46%
Le Serpent
44%
Le Lynx
43%
Le Loup
38%
Le Phénix
37%
L'Horloge
32%
Le Poisson Volant
26%
Le Petit Renard
25%
La Machine Pneumatique
23%
Le Caméléon
23%
Le Télescope
23%
Le Peintre
20%
Aucun quiz correspondant
Distribution des résultats
% des personnes avec chaque résultat
Percentile par nombre de réponses
Votre historique - résultats
Vous n’avez pas pris ce quiz depuis la dernière actualisation